000 05176cam a22017774i 4500
003 PE-LiUPU
005 20250813165733.0
008 150706s2007 sp a r 000 0 spa d
020 _a9788420010595
035 _a(Sirsi) i9788420010595
040 _aPE-LiUPU
_bspa
_cPE-LiUPU
_erda
049 _aPRUA
082 0 4 _a641.054
_bN55m
_221
100 1 _aNielsen, S. Suzanne,
_eautor.
245 1 0 _aAnálisis de alimentos :
_bmanual de laboratorio /
_cS. Suzanne Nielsen.
264 1 _aZaragoza, España :
_bAcribia,
_c2007.
300 _a160 páginas ;
_c27 centímetros
336 _atext
_2rdacontent
337 _aunmediated
_2rdamedia
338 _avolume
_2rdacarrier
505 0 _aEl etiquetado nutricional utilizando un programa de ordenador -- La evaluación de la exactitud y la precisión -- La determinación del contenido de humedad -- La determinación del contenido en grasas -- La determinación del nitrógeno proteínico -- el método del fenol-ácido sulfúrico -- La determinación de la vitamina C mediante el método del indofenol -- La determinación complexométrica del calcio -- La determinación del sodio utilizando los electrodos selectivos de iones, la volumetría de Mohr y las varillas indicadoras -- Las determinaciones del sodio y el potasio mediante la espectroscopía de absorción atómica y la espectroscopía de plasma de acomplamiento inductivo-emisión atómica -- Las disoluciones patrones y la acidez valorable -- La caracterización de las grasas -- Las proteínas del músculo de los pescados: La extracción, cuantificación y la electroforesis -- El análisis enzimático para determinar el contenido de glucosa -- La detección de la gliadina en los alimentos por medio del inmunoensayo -- La inspección de los alimentos en busca de materias extrañas -- La cromatografía líquida de alta resolución -- La cromatografía de gases -- La medida de la viscosidad utilizando un viscosímetro Brookfield.
526 _aP203
526 _aP200
526 _aSEG65
526 _aSEG64
526 _aSEG63
526 _aSEG62
526 _aSEG61
526 _aSEG60
526 _aSEG59
526 _aSEG58
526 _aSEG57
526 _aSEG56
526 _aSEG55
526 _aSEG54
526 _aSEG53
526 _aSEG52
526 _aSEG51
526 _aSEG50
526 _aSEG49
526 _aSEG48
526 _aSEG47
526 _aSEG46
526 _aSEG24
526 _aSEG23
526 _aSEG22
526 _aSEG21
526 _aSEG20
526 _aSEG19
526 _aSEG18
526 _aSEG17
526 _aSEG16
526 _aSEG14
526 _aSEG13
526 _aSEG12
526 _aSEG11
526 _aSEG10
526 _aSEG09
526 _aSEG06
526 _aSEG05
526 _aSEG04
526 _aSEG03
526 _aSEG02
526 _aSEG68
526 _aSEG66
526 _aSEG45
526 _aSEG25
526 _aSEG01
526 _aP163
526 _aP162
526 _aP161
526 _aP160
526 _aP159
526 _aP158
526 _aP157
526 _aP156
526 _aP155
526 _aP154
526 _aP153
526 _aP152
526 _aP151
526 _aP150
526 _aP149
526 _aP142
526 _aP141
526 _aP140
526 _aP139
526 _aP138
526 _aP137
526 _aP132
526 _aP131
526 _aP130
526 _aP126
526 _aP125
526 _aP124
526 _aP123
526 _aP115
526 _aP122
526 _aP121
526 _aP116
526 _a P114
526 _aP112
526 _aP111
526 _aP104
526 _aP103
526 _aP102
526 _aP101
526 _aP100
526 _aP96
526 _aP95
526 _aP93
526 _aP92
526 _aP91
526 _aP88
526 _aP83
526 _aP82
526 _aP79
526 _aP78
526 _aP75
526 _aP74
526 _aP71
526 _aP69
526 _a P51
526 _aP49
526 _aP48
526 _aP47
526 _aP33
526 _aP31
526 _a P30
526 _aP29
526 _aP27
526 _aP26
526 _aP25
526 _aP24
526 _a P22
526 _aP10
526 _aP09
526 _a P08
526 _aP06
526 _aP05
526 _aP04
526 _aP01
541 _g003-001034;
650 1 4 _aAlimentos
_xAnálisis.
910 _blch
_clch
_d20090525
942 _2ddc
_cBOOK
949 _a641.054 N55M
_wDEWEY
_c1
_i59626
_d2016-8-11
_e2016-8-10
_lCCODEBUL1
_mBUL
_n6
_p43.00
_r0
_sY
_tBOOK
_u2015-7-6
_xINGENIERIA
_PP26
_0COMPRA
_o.STAFF. Colección General
994 _aC0
_bPEPRU
596 _a1
999 _a641.054 N55M
_wDEWEY
_c49179
_i59626
_d49179
_e2019-9-2
_f2021-11-5
_g4
_lCCODEBUL1
_mBUL
_n14
_p43.00
_q1
_r0
_sY
_tBOOK
_u2015-7-6
_xBIBLIOTECA
_PP26
_0COMPRA
_o.STAFF. Colección Ingeniería y Arquitectura
980 _81
_gALBERTO SANCHEZ Responsable de Automatización